[Event "DVM U16 2018"]
[Site "Aurich GER"]
[Date "2018.12.30"]
[Round "7"]
[White "Freiherr von Hauff, Christopher"]
[Black "Biermann, Florian"]
[Result "0-1"]
[Termination "normal"]
[Board "8.2"]
[WhiteElo "1802"]
[BlackElo "2054"]
[WhiteTeam "SK Bebenhausen"]
[BlackTeam "SG Bochum"]
[PlyCount "60"]
[WhiteFideId "16200691"]
[BlackFideId "12970069"]
[EventCountry "GER"]
[EventRounds "7"]
[EventType "team-swiss"]
[EventDate "2018.12.26"]

1. e4 c5 2. c3 g6 3. d4 cxd4 4. cxd4 d5 5. exd5 Nf6 6. Nc3 Bg7 7. Bc4 O-O 8.
Nge2 a6 9. a4 Nbd7 10. Nf4 Nb6 11. Bb3 Bf5 12. a5 Nc8 13. O-O Nd6 14. f3 Rc8
15. Qe2 Bd7 16. Ba4 Nc4 17. Bxd7 Nxd7 18. Be3 Nxa5 19. Ra4 b5 20. Nxb5 axb5 21.
Qxb5 Nb6 22. Rxa5 Nc4 23. Ra3 Nxe3 24. Rxe3 Bxd4 25. Qd3 Qb6 26. Re1 Rc1 27.
Kf2 Rxe1 28. Kxe1 Bxe3 29. Ne2 Ra8 30. Qd1 Qxb2 0-1

[Event "DVM U16 2018"]
[Site "Aurich GER"]
[Date "2018.12.30"]
[Round "7"]
[White "Gluma, Christian"]
[Black "Ortner, Jonas Ruben"]
[Result "1-0"]
[Termination "normal"]
[Board "8.3"]
[WhiteElo "1711"]
[BlackElo "1710"]
[WhiteTeam "SG Bochum"]
[BlackTeam "SK Bebenhausen"]
[PlyCount "51"]
[WhiteFideId "16223209"]
[BlackFideId "16235118"]
[EventCountry "GER"]
[EventRounds "7"]
[EventType "team-swiss"]
[EventDate "2018.12.26"]

1. e4 c5 2. Nf3 Nc6 3. d4 cxd4 4. Nxd4 g6 5. c4 Nf6 6. Nc3 d6 7. Be2 Nxd4 8.
Qxd4 Bg7 9. O-O O-O 10. Bg5 h6 11. Bh4 g5 12. Bg3 Nh5 13. Qe3 Nxg3 14. Qxg3 Bd7
15. Rad1 Qa5 16. Nd5 Rfe8 17. h4 Be5 18. f4 Bg7 19. hxg5 Qc5 20. Kh1 hxg5 21.
Qxg5 Kh7 22. b4 Qc8 23. Nxe7 Qd8 24. Qh5 Bh6 25. Qxf7 Kh8 26. Ng6 1-0

[Event "DVM U16 2018"]
[Site "Aurich GER"]
[Date "2018.12.30"]
[Round "7"]
[White "Ruby, Noah Leonard"]
[Black "Prieb, Robert"]
[Result "0-1"]
[Termination "normal"]
[Board "8.4"]
[BlackTitle "CM"]
[WhiteElo "1097"]
[BlackElo "1802"]
[WhiteTeam "SK Bebenhausen"]
[BlackTeam "SG Bochum"]
[PlyCount "88"]
[WhiteFideId "16274857"]
[BlackFideId "16212002"]
[EventCountry "GER"]
[EventRounds "7"]
[EventType "team-swiss"]
[EventDate "2018.12.26"]

1. e4 c5 2. b3 d6 3. Bb2 e6 4. Nf3 Nf6 5. Nc3 Nc6 6. Bd3 Be7 7. O-O O-O 8. Re1
Ng4 9. h3 Nge5 10. Bb5 Nxf3+ 11. Qxf3 Nd4 12. Qd3 Nxb5 13. Nxb5 a6 14. Nc3 b5
15. Qg3 Bf6 16. Bc1 b4 17. a4 bxc3 18. dxc3 Bb7 19. Ba3 Qd7 20. Rad1 d5 21. e5
Be7 22. c4 Qc7 23. cxd5 Bxd5 24. Re3 Rad8 25. Qg4 Bb7 26. Rxd8 Rxd8 27. Qc4
Rd1+ 28. Kh2 Rd4 29. Qc3 Bg5 30. Re2 Bf4+ 31. g3 Qc6 32. f3 Qxf3 33. Qxf3 Bxf3
34. Re1 Rd2+ 35. Kg1 Bxg3 36. Rb1 Rxc2 37. Bxc5 Rxc5 38. b4 Rc2 39. b5 Ra2 40.
b6 Bh2+ 41. Kf1 Bg2+ 42. Ke1 Bg3+ 43. Kd1 Bf3+ 44. Kc1 Bf4# 0-1

[Event "DVM U16 2018"]
[Site "Aurich GER"]
[Date "2018.12.30"]
[Round "7"]
[White "Schneider, Jana"]
[Black "Kittelberger, Mattis"]
[Result "1-0"]
[Termination "normal"]
[Board "9.1"]
[WhiteTitle "FM"]
[WhiteElo "2213"]
[BlackElo "1790"]
[WhiteTeam "Spvgg 1946 Stetten"]
[BlackTeam "SC Aurich"]
[PlyCount "81"]
[WhiteFideId "12924997"]
[BlackFideId "12965103"]
[EventCountry "GER"]
[EventRounds "7"]
[EventType "team-swiss"]
[EventDate "2018.12.26"]

1. e4 c5 2. Nf3 e6 3. d4 cxd4 4. Nxd4 a6 5. Bd3 Nf6 6. O-O Qc7 7. c4 Be7 8. Nc3
O-O 9. Qe2 d6 10. f4 Nbd7 11. Be3 b6 12. Rac1 Bb7 13. b4 Rfd8 14. a3 Rac8 15.
Bf2 Qb8 16. Bg3 Nf8 17. e5 N6d7 18. Rf2 Qa8 19. Qg4 g6 20. Rcf1 b5 21. exd6 Bf6
22. Nce2 bxc4 23. Bc2 Qa7 24. Rfd1 Bg7 25. Bh4 Nf6 26. Bxf6 Bxf6 27. f5 Bxd4
28. Rxd4 exf5 29. Bxf5 Rc6 30. d7 Qb6 31. Nc3 Rc7 32. Qh4 f6 33. Bh3 g5 34. Qg4
Rcxd7 35. Rxd7 Nxd7 36. Qxc4 Kg7 37. Qe2 Ne5 38. Na4 Qd4 39. Nc5 Bd5 40. Qxa6
Bc6 41. Ne6 1-0

[Event "DVM U16 2018"]
[Site "Aurich GER"]
[Date "2018.12.30"]
[Round "7"]
[White "Dirks, Simon"]
[Black "Roth, Jakob"]
[Result "0-1"]
[Termination "normal"]
[Board "9.2"]
[WhiteElo "1617"]
[BlackElo "1883"]
[WhiteTeam "SC Aurich"]
[BlackTeam "Spvgg 1946 Stetten"]
[PlyCount "74"]
[WhiteFideId "16255666"]
[BlackFideId "12952605"]
[EventCountry "GER"]
[EventRounds "7"]
[EventType "team-swiss"]
[EventDate "2018.12.26"]

1. Nf3 Nf6 2. b3 d5 3. Bb2 e6 4. e3 Bd6 5. c4 c6 6. d3 Nbd7 7. Nbd2 e5 8. Rc1
O-O 9. Be2 Re8 10. Qc2 Qe7 11. Nf1 a6 12. Ng3 Nf8 13. O-O Ng6 14. Rfd1 h5 15.
Nf1 Bf5 16. N3d2 Bg4 17. Re1 Rad8 18. h3 Be6 19. Qb1 Qd7 20. Nf3 Nh7 21. Qa1 e4
22. dxe4 dxe4 23. Ne5 Bxe5 24. Bxe5 Bxh3 25. Bxg7 $11 Nh4 26. Bh8 f6 27. Bxf6
Bxg2 28. Bxh4 Qh3 29. Ng3 Bf3 30. Bf1 Qxh4 31. Qg7+ Kxg7 32. Nf5+ Kf6 33. Nxh4
Rg8+ 34. Bg2 Rxg2+ 35. Nxg2 Rg8 36. Red1 Rxg2+ 37. Kf1 Rh2 0-1

[Event "DVM U16 2018"]
[Site "Aurich GER"]
[Date "2018.12.30"]
[Round "7"]
[White "Steiner, Luca"]
[Black "Rajendram, Reanosh"]
[Result "0-1"]
[Termination "normal"]
[Board "9.3"]
[WhiteElo "1365"]
[BlackElo "1579"]
[WhiteTeam "Spvgg 1946 Stetten"]
[BlackTeam "SC Aurich"]
[PlyCount "62"]
[WhiteFideId "16205316"]
[BlackFideId "12965162"]
[EventCountry "GER"]
[EventRounds "7"]
[EventType "team-swiss"]
[EventDate "2018.12.26"]

1. e4 c5 2. Nf3 Nc6 3. d4 cxd4 4. Nxd4 Nf6 5. Nc3 e5 6. Ndb5 d6 7. Nd5 Nxd5 8.
exd5 Nb8 9. c3 Be7 10. Be3 a6 11. Na3 O-O 12. Bd3 f5 13. Qc2 Bg5 14. O-O-O e4
15. Be2 f4 16. Bd2 Bf5 17. Qb3 Nbd7 18. Nc2 Nc5 19. Qa3 f3 20. gxf3 exf3 21.
Bc4 b5 22. Bb3 Nd3 23. Kb1 Nxf2 24. Bxg5 Qxg5 25. Rhg1 Qh6 26. Rdf1 Nh3 27. Rg3
f2 28. Ka1 Bxc2 29. Bxc2 Rae8 30. Rd3 Re1 31. Rd1 Rxd1 0-1

[Event "DVM U16 2018"]
[Site "Aurich GER"]
[Date "2018.12.30"]
[Round "7"]
[White "Goldbeck, Kilian"]
[Black "Steiner, Noah"]
[Result "1-0"]
[Termination "normal"]
[Board "9.4"]
[WhiteElo "1523"]
[BlackElo "1407"]
[WhiteTeam "SC Aurich"]
[BlackTeam "Spvgg 1946 Stetten"]
[PlyCount "103"]
[WhiteFideId "16255674"]
[BlackFideId "16260830"]
[EventCountry "GER"]
[EventRounds "7"]
[EventType "team-swiss"]
[EventDate "2018.12.26"]

1. e4 c5 2. Nf3 Nc6 3. d4 cxd4 4. Nxd4 g6 5. c4 Bg7 6. Be3 Qb6 7. Nb5 Qd8 8.
N1c3 a6 9. Nd4 d6 10. Be2 Nf6 11. f3 O-O 12. O-O Bd7 13. Qd2 Rc8 14. Nc2 Re8
15. Rac1 Na5 16. b3 Rb8 17. Na3 Nc6 18. Rfd1 Qa5 19. Nc2 Qc7 20. Kh1 Nd8 21.
Nb4 Bc6 22. Ncd5 Bxd5 23. Nxd5 Qd7 24. Ba7 Nc6 25. Bxb8 Rxb8 26. c5 Nxd5 27.
exd5 Nd4 28. c6 Qc7 29. Rc4 Nxe2 30. Qxe2 b5 31. Re4 Re8 32. Rc1 Bf6 33. g4 g5
34. a4 Rb8 35. axb5 Rxb5 36. Qe3 Rxd5 37. Rb4 Rb5 38. Rxb5 axb5 39. Qd3 d5 40.
Qxd5 Qf4 41. Rc2 e6 42. Qe4 Qc7 43. Qb4 Qd8 44. Rd2 Qb6 45. Qe4 Bc3 46. Rc2 b4
47. Qc4 Qc7 48. Rxc3 bxc3 49. Qxc3 f5 50. gxf5 exf5 51. Qc5 Qf4 52. Qc4 1-0

[Event "DVM U16 2018"]
[Site "Aurich GER"]
[Date "2018.12.30"]
[Round "7"]
[White "Zyla, Lennert"]
[Black "Meier, Marlon"]
[Result "0-1"]
[Termination "normal"]
[Board "10.1"]
[WhiteElo "1829"]
[BlackElo "1935"]
[WhiteTeam "SG Porz"]
[BlackTeam "SK Gernsbach"]
[PlyCount "76"]
[WhiteFideId "12981567"]
[BlackFideId "16238788"]
[EventCountry "GER"]
[EventRounds "7"]
[EventType "team-swiss"]
[EventDate "2018.12.26"]

1. e4 e5 2. Nf3 Nc6 3. Bb5 a6 4. Bxc6 dxc6 5. O-O Bg4 6. h3 h5 7. d3 Qf6 8.
Nbd2 g5 9. Re1 Be6 10. Nf1 g4 11. hxg4 hxg4 12. N3h2 Qh4 13. Be3 O-O-O 14. Qe2
Bd6 15. g3 Qh5 16. c3 Ne7 17. a4 Rdg8 18. f3 gxf3 19. Qxf3 Qg6 20. Kf2 f5 21.
Ke2 fxe4 22. dxe4 Rf8 23. Qg2 Bh3 24. Qh1 Bg4 25. Kd2 Bf3 26. Qg1 Bxe4 27. Bc5
Qg5 28. Be3 Qf5 29. g4 Qe6 30. Re2 Qb3 31. Ke1 Bd3 32. Rd2 e4 33. g5 Qf7 34.
Bd4 Rhg8 35. Rf2 Qh5 36. Be3 Nf5 37. Kd2 Nxe3 38. Nxe3 Rxf2 0-1

[Event "DVM U16 2018"]
[Site "Aurich GER"]
[Date "2018.12.30"]
[Round "7"]
[White "Sewald, Richard"]
[Black "Ganjali, Aska"]
[Result "1-0"]
[Termination "normal"]
[Board "10.3"]
[WhiteElo "1687"]
[BlackElo "1290"]
[WhiteTeam "SG Porz"]
[BlackTeam "SK Gernsbach"]
[PlyCount "87"]
[WhiteFideId "12983586"]
[BlackFideId "16260201"]
[EventCountry "GER"]
[EventRounds "7"]
[EventType "team-swiss"]
[EventDate "2018.12.26"]

1. Nf3 Nf6 2. g3 g6 3. Bg2 Bg7 4. d3 d5 5. c3 Nbd7 6. Nbd2 c6 7. Qc2 O-O 8. O-O
Re8 9. e4 dxe4 10. Nxe4 Nxe4 11. dxe4 e5 12. Be3 Qc7 13. Rad1 Nf8 14. Ne1 Be6
15. Nd3 Rad8 16. b3 b6 17. f4 Bh6 18. Nxe5 Nd7 19. Nxd7 Bxd7 20. h3 c5 21. Rf2
f5 22. Kh2 Qc8 23. e5 Be6 24. Rfd2 Rxd2 25. Qxd2 Bf8 26. c4 Be7 27. Bd5 Rd8 28.
Qg2 Kg7 29. Bxe6 Qxe6 30. Rxd8 Bxd8 31. Qd5 Qxd5 32. cxd5 Kf7 33. Kg2 Ke7 34.
Kf2 Kd7 35. Ke2 a6 36. a4 Be7 37. Kd3 h6 38. h4 h5 39. Kc4 Bf8 40. Bf2 Kc7 41.
Be1 Kd7 42. Bc3 Kd8 43. d6 Bg7 44. Kd5 1-0

[Event "DVM U16 2018"]
[Site "Aurich GER"]
[Date "2018.12.30"]
[Round "7"]
[White "Koch, Christoph"]
[Black "Sporer, Benedikt"]
[Result "1/2-1/2"]
[Termination "normal"]
[Board "10.4"]
[WhiteElo "1103"]
[BlackElo "1306"]
[WhiteTeam "SK Gernsbach"]
[BlackTeam "SG Porz"]
[PlyCount "82"]
[WhiteFideId "16274865"]
[BlackFideId "16274849"]
[EventCountry "GER"]
[EventRounds "7"]
[EventType "team-swiss"]
[EventDate "2018.12.26"]

1. e4 e5 2. Nf3 Nc6 3. Bc4 Bc5 4. a3 Nf6 5. d3 d6 6. Nc3 h6 7. Be3 Bb6 8. Na4
Bxe3 9. fxe3 a6 10. Nc3 Be6 11. Bxe6 fxe6 12. Qe2 d5 13. exd5 exd5 14. O-O-O
Qe7 15. d4 exd4 16. exd4 Qxe2 17. Nxe2 O-O-O 18. Nc3 Rhf8 19. h3 Ne7 20. Rhe1
Ng6 21. Rg1 Rde8 22. Rde1 c6 23. b3 Kc7 24. Na4 Ne4 25. Kb2 Nf4 26. Nh4 g5 27.
Nf3 Nxh3 28. gxh3 Rxf3 29. Rh1 Ref8 30. Nc5 Re8 31. b4 b6 32. Nxa6+ Kb7 33. b5
cxb5 34. Nb4 Rd8 35. Nxd5 Rxd5 36. Rxe4 Rd7 37. c3 Rf2+ 38. Kb3 Rf3 39. Kb4 Kc6
40. Re5 Rf2 41. Rb1 Rf3 1/2-1/2